Guillermo, el Mariscal
Saved in:
| Hovedforfatter: | |
|---|---|
| Format: | Bog |
| Sprog: | spansk |
| Udgivet: |
Madrid
Alianza
1987
|
| Udgivelse: | 2a. ed |
| Serier: | El libro de bolsillo. Sección Humanidades, 1259
|
| Fag: | |
| Tags: |
Tilføj Tag
Ingen Tags, Vær først til at tagge denne postø!
|
MARC
| LEADER | 00000nam a2200000 a 4500 | ||
|---|---|---|---|
| 001 | UCV9246 | ||
| 003 | CL-VaPUC | ||
| 008 | 920722e19870000SP |||||||||||||||||spa|d | ||
| 082 | 0 | 4 | |a 929.71 |b DUB |2 21 |
| 100 | |a Duby, Georges |e autor |9 303250 | ||
| 245 | 1 | 0 | |a Guillermo, el Mariscal |
| 250 | |a 2a. ed | ||
| 300 | |a 175 p | ||
| 942 | |c BK | ||
| 945 | |d 19920722 00:00:00 | ||
| 260 | |a Madrid |b Alianza |c 1987 | ||
| 600 | 0 | 7 | |a PEMBROKE, WILLIAM, CONDE DE |2 CL-VaPUC |9 267850 |
| 650 | 0 | |a Caballeros y caballería |9 266046 | |
| 650 | 0 | |a Biografías |9 255210 | |
| 650 | 7 | |a HISTORIA SIGLO 12 |2 CL-VaPUC |9 266337 | |
| 651 | 0 | |a Gran Bretaña |9 256767 | |
| 583 | |a last modification |c 19920722 00:00:00 |k Rodrigo Vera | ||
| 490 | 0 | |a El libro de bolsillo. Sección Humanidades, 1259 | |
| 999 | |c 214615 |d 214613 | ||
| 952 | |0 0 |1 0 |4 0 |6 929_710000000000000_DUB_1987 |7 0 |8 P |9 198183 |a BIBARQ |b BIBARQ |d 2019-11-14 |i 2657260 |o 929.71 DUB 1987 |p 2657260 |r 2025-01-20 |w 2019-11-14 |y BK |k ARQ | ||
| 952 | |0 0 |1 0 |4 0 |6 929_710000000000000_DUB_1987 |7 0 |8 A |9 198184 |a BIBHIS |b BIBHIS |d 2019-11-14 |i 2657279 |l 1 |o 929.71 DUB 1987 |p 2657279 |r 2024-04-02 |s 2024-03-25 |w 2019-11-14 |y BK |k HIS | ||